00955nam a2200277 a 450000100060000000300080000600500170001400800410003102000150007203500190008704000430010604100080014908200230015710000220018024501030020224600710030525000120037626000450038830000330043350000590046665000260052565000160055165000400056765000500060770000200065736945BD-RjUL20211209052548.0140924s2002 nyua f b 000 0 eng d a0071382178 a(BD-RjUL)37047 aWQMcWQMdNNC-MdOrLoB-BdBD-RjULbeng aeng a 616.01 bLEM 20021 aLevinson, Warren.10aMedical microbiology & immunology :bexamination & board review /cWarren Levinson, Ernest Jawetz.33aMedical microbiology and immunology : examination and board review a7th ed. aNew York :bLange Medical Books,cc2002. aix, 614 p. :bill. ;c24 cm. aPrevious ed.: Stamford, Conn.: Appleton & Lange, 2000. 0aMedical microbiology. 0aImmunology. 2aMicrobiologyvExamination Questions 2aAllergy and ImmunologyvExamination Questions1 aJawetz, Ernest.